000
00321nam a2200133Ia 4500
005
20251222155204.0
008
251222s9999||||xx |||||||||||||| ||spa||
082
_a
EDUM.117
100
_a
Dr.GLENN LOZANO ZANELLY
245
0
_a
Situación de salud del perú 2002
250
_a
No ed.
264
_b
No tiene
942
_c
LIB
999
_c
40027
_d
40027